000 00614cam a22002411 4500
001 sa 68009186
003 DLC
005 20260227112541.0
008 890605s1968 ii b 000 0 hino
010 _asa 68009186
035 _a(OCoLC)19820198
040 _aDLC
_cWaU
_dDLC
042 _apremarc
050 0 0 _aD16.8
_b.P7 1968
100 1 _aPrakash, Buddha,
_d1924-
245 1 0 _aItihāsa-darśana.
260 _c[1968]
300 _a12, 398 p.
_c23 cm.
440 0 _aHindī Samiti granthamālā ;
_v56
500 _aIn Hindi.
504 _aBibliographical footnotes.
650 0 _aHistory
_xPhilosophy.
999 _c82775
_d82775